000 00640nam a2200253Ia 4500
003 OSt
005 20221007110321.0
006 a|||||r|||| 00| 0
007 ta
008 221006b |||||||| |||| 00| 0 eng d
020 _a0420470107
024 _a20,871
037 _cTextual
040 _aLCO
_cLCO
_beng
041 _2eng
_aeng
082 _aZ1,218, M4
100 _aWadegaonkar Damodar
245 0 _aOrbit of Space Law
260 _aLondon
_bStevens & Sons U.K.
_c1984
300 _a172
650 _aSPACE LAW
_9690559
942 _hZ1,218, M4
_cTEXL
999 _c1190434
_d1190434